| 000 | nam a22 7a 4500 | ||
|---|---|---|---|
| 999 |
_c127708 _d127708 |
||
| 008 | 180320b xxu||||| |||| 00| 0 eng d | ||
| 050 |
_aGN345 _b.P6 |
||
| 245 |
_aEthnologie generale _cEdited by Jean Poirier |
||
| 260 |
_aParis _bEditions Gallimard _c1968 |
||
| 300 |
_axvii, 1907p. ; _c17cm. |
||
| 440 |
_aEncyclopedie de la pleiade _n24 _940771 |
||
| 650 |
_aEthnology _xMethodology _93253 |
||
| 700 |
_aPoirier, Jean _940772 _eed. |
||
| 942 |
_2lcc _cMONOGRAPH |
||